000
00322nam a2200121Ia 4500
008
191129s9999 xx 000 0 und d
020
_a
9780062279026
100
_a
Gray, Claudia
245
_c
Claudia Gray
_a
A Million worlds with you/
260
_a
NY:
_b
Harperteen
_c
2016
300
_a
419 p. ;
_c
22 cm.
650
_a
Fiction
999
_c
362767
_d
362767